A history of Japan's government-business relationship : (Record no. 58976)
[ view plain ]
| 000 -LEADER | |
|---|---|
| fixed length control field | 00975nam a2200253 a 4500 |
| 001 - CONTROL NUMBER | |
| control field | 58976 |
| 003 - CONTROL NUMBER IDENTIFIER | |
| rucl marc code | BD-RjUL |
| 005 - DATE AND TIME OF LATEST TRANSACTION | |
| control field | 20211209080700.0 |
| 008 - FIXED-LENGTH DATA ELEMENTS--GENERAL INFORMATION | |
| fixed length control field | 161220s1990 miu b s001 0 eng |
| 020 ## - INTERNATIONAL STANDARD BOOK NUMBER | |
| International Standard Book Number | 0939512408 |
| 035 ## - SYSTEM CONTROL NUMBER | |
| System control number | (BD-RjUL)59100 |
| 040 ## - CATALOGING SOURCE | |
| Transcribing agency | BD-RjUL |
| Modifying agency | BD-RjUL |
| Language of cataloging | eng |
| Original cataloging agency | BD-RjUL |
| 041 ## - LANGUAGE CODE | |
| Language code of text/sound track or separate title | eng |
| 082 00 - DEWEY DECIMAL CLASSIFICATION NUMBER | |
| Classification number | 338.4762920952 |
| Edition number | 23 |
| Author mark and year | GEH 1990 |
| 100 1# - MAIN ENTRY--PERSONAL NAME | |
| Personal name | Yoshida, Phyllis Genther. |
| 9 (RLIN) | 175374 |
| 245 12 - TITLE STATEMENT | |
| Title | A history of Japan's government-business relationship : |
| Remainder of title | the passenger car industry / |
| Statement of responsibility, etc. | Phyllis A. Genther. |
| 260 ## - PUBLICATION, DISTRIBUTION, ETC. (IMPRINT) | |
| Place of publication, distribution, etc. | Ann Arbor : |
| Name of publisher, distributor, etc. | Center for Japanese Studies, University of Michigan, |
| Date of publication, distribution, etc. | c1990. |
| 300 ## - PHYSICAL DESCRIPTION | |
| Pagination | x, 242 p. ; |
| Size | 23 cm. |
| 502 ## - DISSERTATION NOTE | |
| Dissertation note | Includes bibliographical references (p. 217-231) and index. |
| 650 #0 - SUBJECT ADDED ENTRY--TOPICAL TERM | |
| Topical term or geographic name as entry element | Automobile industry and trade |
| General subdivision | Government policy |
| Geographic subdivision | Japan |
| General subdivision | History. |
| 9 (RLIN) | 175376 |
| 830 ## - SERIES ADDED ENTRY--UNIFORM TITLE | |
| Uniform title | Michigan papers in Japanese studies ; |
| Volume number/sequential designation | no. 20 |
| 942 ## - ADDED ENTRY ELEMENTS (KOHA) | |
| Source of classification or shelving scheme | Dewey Decimal Classification |
| Koha item type | Books |
| Lost status | Source of classification or shelving scheme | Damaged status | Not for loan | Collection code | Permanent Location | Current Location | Shelving location | Date acquired | Source of acquisition | Total Checkouts | Full call number | Date last seen | Copy number | Koha item type |
|---|---|---|---|---|---|---|---|---|---|---|---|---|---|---|
| Dewey Decimal Classification | Not For Loan | Non-fiction | Central Library, University of Rajshahi | Central Library, University of Rajshahi | Reading Room | 03/03/1996 | Asia foundation | 338.4762920952 GEH 1990 | 20/12/2016 | C-1 | Books |